|
|
|
|
| LEADER |
00000naa2a2200000 4500 |
| 001 |
608051 |
| 005 |
20260317094756.0 |
| 035 |
|
|
|a (RuTPU)RU\TPU\conf\5481
|
| 035 |
|
|
|a RU\TPU\conf\5480
|
| 090 |
|
|
|a 608051
|
| 100 |
|
|
|a 20140914d2014 k y0rusy50 ca
|
| 101 |
0 |
|
|a rus
|
| 102 |
|
|
|a RU
|
| 135 |
|
|
|a drgn ---uucaa
|
| 181 |
|
0 |
|a i
|
| 182 |
|
0 |
|a b
|
| 200 |
1 |
|
|a Внедрение эффективной модели аутсорсинга в структуру IT-университета
|f К. С. Картуков
|g науч. рук. Е. В. Молнина
|
| 203 |
|
|
|a Текст
|c электронный
|
| 225 |
1 |
|
|a Информационные технологии интеллектуальной поддержки принятия решений в экономике
|
| 300 |
|
|
|a Заглавие с титульного экрана
|
| 320 |
|
|
|a [Библиогр.: с. 130 (3 назв.)]
|
| 337 |
|
|
|a Adobe Reader
|
| 463 |
|
0 |
|0 (RuTPU)RU\TPU\conf\5406
|t Современные технологии поддержки принятия решений в экономике
|o сборник трудов Всероссийской научно-практической конференции студентов, аспирантов и молодых ученых, 28-20 апреля 2014 г., г. Юрга
|f Национальный исследовательский Томский политехнический университет (ТПУ), Юргинский технологический институт (ЮТИ) ; отв. ред. А. А. Захарова
|v [С. 128-130]
|d 2014
|
| 610 |
1 |
|
|a труды учёных ТПУ
|
| 610 |
1 |
|
|a электронный ресурс
|
| 610 |
1 |
|
|a эффективные модели
|
| 610 |
1 |
|
|a аутсорсинг
|
| 610 |
1 |
|
|a IT-специалисты
|
| 610 |
1 |
|
|a ITP-процесс
|
| 610 |
1 |
|
|a электронное обучение
|
| 700 |
|
1 |
|a Картуков
|b К. С.
|
| 702 |
|
1 |
|a Молнина
|b Е. В.
|c российский учёный в области информационных систем
|c старший преподаватель Юргинского технологического института (филиал) Томского политехнического университета
|g Елена Владимировна
|4 727
|
| 712 |
0 |
2 |
|a Национальный исследовательский Томский политехнический университет (ТПУ)
|b Юргинский технологический институт (филиал) (ЮТИ)
|b Кафедра информационных систем (ИС)
|3 (RuTPU)RU\TPU\col\18893
|
| 801 |
|
2 |
|a RU
|b 63413507
|c 20220214
|g RCR
|
| 856 |
4 |
|
|u http://earchive.tpu.ru/handle/11683/69493
|
| 856 |
4 |
|
|u http://www.lib.tpu.ru/fulltext/c/2014/C79/052.pdf
|
| 942 |
|
|
|c BK
|